000 00900nab a22002057a 4500
999 _c5485
_d5485
003 OSt
005 20251204121732.0
008 190502c xxu||||| |||| 00| 0 spa d
040 _cPJ
100 _aFounburg, Mariano Nicolás
_96481
245 1 3 _aEl hecho precedente en el lavado de activos :
_bun estándar probatorio diferente para legitimar las consecuencias jurídicas del ius puniendi /
_cMariano Nicolás Founburg.
260 _aCiudad Autónoma de Buenos Aires :
_bThomson Reuters La Ley,
_c2025.
300 _ap. 24-28
500 _aCita Online: AR/DOC/203/2025.
505 _t¿Te interesa el texto completo? Solicitalo al correo: koha@justierradelfuego.gov.ar
650 0 _9343
_aDERECHO PENAL
650 0 _93064
_aLAVADO DE ACTIVOS
773 0 _02729
_93180
_dBuenos Aires : LexisNexis, 2006-
_tRevista de derecho penal y procesal penal. Nº 4 - Abril 2025
_z9875920622
942 _2udc
_cANA